[Event "Mid Bohemia Region-chT 2223"]
[Site "Czech Republic"]
[Date "2023.04.02"]
[Round "11.4"]
[White "Janacek, Jaroslav"]
[Black "Seifarth, Robert"]
[Result "1/2-1/2"]
[WhiteElo "2029"]
[BlackElo "2199"]
[PlyCount "79"]
[EventDate "2022.10.09"]
[EventType "team-tourn"]
[EventRounds "11"]
[EventCountry "CZE"]
[SourceTitle "EXT 2024"]
[Source "ChessBase"]
[SourceDate "2023.10.10"]
[SourceVersion "1"]
[SourceVersionDate "2023.10.10"]
[SourceQuality "1"]
[WhiteTeam "Kostelec nad CL"]
[BlackTeam "Kralupy nad Vltavou"]
[WhiteTeamCountry "CZE"]
[BlackTeamCountry "CZE"]

1. Nf3 g6 2. e4 Bg7 3. c3 d6 4. Be2 Nf6 5. d3 c5 6. Nbd2 Nc6 7. 0-0 0-0 8. a4 Qc7 9. h3 d5 10. Re1 Rd8 11. Qc2 b6 12. Nf1 h6 13. g4 h5 14. g5 Ne8 15. h4 Bg4 16. Ne3 e6 17. Kg2 Bxf3+ 18. Bxf3 d4 19. Nc4 dxc3 20. bxc3 Nb4 21. cxb4 Bxa1 22. bxc5 Bd4 23. e5 Rab8 24. c6 b5 25. axb5 Rxb5 26. Bf4 Ng7 27. Re2 Nf5 28. Kh3 Bc5 29. Be3 Bxe3 30. Rxe3 Rc5 31. Qe2 Rd4 32. Be4 Rxc6 33. Bxc6 Rxh4+ 34. Kg2 Qxc6+ 35. Re4 Nd4 36. Qe3 Nf5 37. Qe1 Qb7 38. f3 Rxe4 39. fxe4 Nd4 40. Qa5 1/2-1/2

[Event "Mid Bohemia Region-chT 2223"]
[Site "Czech Republic"]
[Date "2022.12.11"]
[Round "5.4"]
[White "Seifarth, Robert"]
[Black "Musil, Martin"]
[Result "0-1"]
[WhiteElo "2199"]
[BlackElo "1986"]
[PlyCount "64"]
[EventDate "2022.10.09"]
[EventType "team-tourn"]
[EventRounds "11"]
[EventCountry "CZE"]
[SourceTitle "EXT 2024"]
[Source "ChessBase"]
[SourceDate "2023.10.10"]
[SourceVersion "1"]
[SourceVersionDate "2023.10.10"]
[SourceQuality "1"]
[WhiteTeam "Kralupy nad Vltavou"]
[BlackTeam "Lysa nad Labem Joly IV"]
[WhiteTeamCountry "CZE"]
[BlackTeamCountry "CZE"]

1. Nf3 d5 2. g3 Nf6 3. Bg2 Nbd7 4. d4 e6 5. 0-0 Bd6 6. c4 c6 7. Nc3 0-0 8. b3 b6 9. cxd5 exd5 10. Nh4 Re8 11. a3 Nf8 12. Qc2 Bd7 13. b4 Ne6 14. Qd3 b5 15. Bb2 Ng5 16. f3 Bh3 17. Bc1 Bxg2 18. Kxg2 Ne6 19. e4 dxe4 20. fxe4 Be5 21. Be3 Bxd4 22. Rad1 Bxe3 23. Qxe3 Qb6 24. Qc1 Rad8 25. Nf5 Ng4 26. h3 Ne5 27. Ne2 Nc4 28. Qc3 f6 29. Rxd8 Qxd8 30. Ned4 Nxd4 31. Qxd4 Qxd4 32. Nxd4 Ne3+ 0-1

[Event "Mid Bohemia Region-chT 2223"]
[Site "Czech Republic"]
[Date "2022.10.09"]
[Round "1.4"]
[White "Seifarth, Robert"]
[Black "Matejovsky, Ondrej"]
[Result "1-0"]
[WhiteElo "2199"]
[BlackElo "1930"]
[PlyCount "107"]
[EventDate "2022.10.09"]
[EventType "team-tourn"]
[EventRounds "11"]
[EventCountry "CZE"]
[SourceTitle "EXT 2024"]
[Source "ChessBase"]
[SourceDate "2023.10.10"]
[SourceVersion "1"]
[SourceVersionDate "2023.10.10"]
[SourceQuality "1"]
[WhiteTeam "Kralupy nad Vltavou"]
[BlackTeam "Vlasim II"]
[WhiteTeamCountry "CZE"]
[BlackTeamCountry "CZE"]

1. Nf3 d5 2. g3 Nf6 3. Bg2 c6 4. 0-0 Bf5 5. d3 Nbd7 6. Nbd2 e5 7. Re1 Bc5 8. Nb3 Bb6 9. h3 h6 10. e4 dxe4 11. Nh4 Be6 12. dxe4 0-0 13. Bd2 Nc5 14. Bb4 Nxb3 15. axb3 Re8 16. Qe2 Qc7 17. Bc3 Nh7 18. Nf5 f6 19. h4 Red8 20. Bh3 Kh8 21. Rad1 g6 22. Bd2 gxf5 23. exf5 Qg7 24. Kf1 Bf7 25. c4 Bd4 26. Be3 Bxe3 27. Qxe3 b6 28. Bg2 Be8 29. b4 Rac8 30. Be4 c5 31. bxc5 Rxd1 32. Rxd1 bxc5 33. Rd6 Qc7 34. Qd2 Bf7 35. b3 Be8 36. Re6 Bf7 37. Ra6 Kg7 38. Qa2 Qd8 39. Rxa7 Rc7 40. Ra8 Rc8 41. Ra6 Qd1+ 42. Kg2 Rd8 43. Qa5 Rd2 44. Qxc5 Qe1 45. Bd5 Bxd5+ 46. cxd5 Qe4+ 47. Kh2 h5 48. Qe7+ Kh6 49. Rxf6+ Nxf6 50. Qxf6+ Kh7 51. Qg6+ Kh8 52. Qxh5+ Kg7 53. Qg5+ Kf7 54. Qxd2 1-0

[Event "CZE-chT2C 1819"]
[Site "Czech Republic"]
[Date "2018.11.04"]
[Round "2.5"]
[White "Seifarth, Robert"]
[Black "Kabelka, Ondrej"]
[Result "1-0"]
[WhiteElo "2173"]
[BlackElo "2035"]
[PlyCount "81"]
[EventDate "2018.10.14"]
[EventType "team-tourn"]
[EventRounds "11"]
[EventCountry "CZE"]
[SourceTitle "EXT 2022"]
[Source "ChessBase"]
[SourceDate "2021.10.06"]
[SourceVersion "1"]
[SourceVersionDate "2021.10.06"]
[SourceQuality "1"]
[WhiteTeam "Praha Vrsovice"]
[BlackTeam "Jicin"]
[WhiteTeamCountry "CZE"]
[BlackTeamCountry "CZE"]

1. Nf3 Nf6 2. g3 g6 3. c4 Bg7 4. Bg2 c5 5. 0-0 0-0 6. d4 Nc6 7. dxc5 Qa5 8. Na3 Qxc5 9. Be3 Qb4 10. Rb1 d6 11. Bd2 Qb6 12. b4 a6 13. Be3 Qd8 14. Nd4 Bd7 15. Nac2 Rc8 16. h3 Qc7 17. b5 Nxd4 18. Nxd4 e5 19. b6 Qxc4 20. Nb3 d5 21. Na5 Qxa2 22. Nxb7 Rb8 23. Nc5 Bb5 24. Nd3 e4 25. Nb4 Qc4 26. Qd2 h5 27. Rfc1 Qxe2 28. Qxe2 Bxe2 29. Nc6 Rb7 30. Na5 Rbb8 31. Bf4 Bd3 32. Bxb8 Rxb8 33. b7 Nd7 34. Rc8+ Kh7 35. Nc6 Bxb1 36. Nxb8 Nxb8 37. Rxb8 Be5 38. Re8 Bd6 39. b8Q Bxb8 40. Rxb8 Bd3 41. Bf1 1-0

[Event "CZE-chT2C 1819"]
[Site "Czech Republic"]
[Date "2018.10.14"]
[Round "1.4"]
[White "Seifarth, Robert"]
[Black "Juptner, Jan"]
[Result "1-0"]
[WhiteElo "2173"]
[BlackElo "2244"]
[PlyCount "75"]
[EventDate "2018.10.14"]
[EventType "team-tourn"]
[EventRounds "11"]
[EventCountry "CZE"]
[SourceTitle "EXT 2022"]
[Source "ChessBase"]
[SourceDate "2021.10.06"]
[SourceVersion "1"]
[SourceVersionDate "2021.10.06"]
[SourceQuality "1"]
[WhiteTeam "Praha Vrsovice"]
[BlackTeam "Lysa nad Labem III"]
[WhiteTeamCountry "CZE"]
[BlackTeamCountry "CZE"]

1. Nf3 d5 2. g3 c6 3. Bg2 Nf6 4. 0-0 Bg4 5. h3 Bf5 6. d3 Qc8 7. Kh2 h5 8. Nh4 e5 9. e4 dxe4 10. dxe4 Be6 11. b3 Qc7 12. f4 Bd6 13. f5 Bc8 14. Nd2 Nbd7 15. a4 b6 16. Bb2 Ba6 17. Re1 Bb4 18. c3 Be7 19. b4 0-0-0 20. Qb3 Nc5 21. bxc5 Rxd2 22. Bc1 Rxg2+ 23. Nxg2 Bxc5 24. Qc2 Rd8 25. Bg5 Bd3 26. Qa2 Rd7 27. Bxf6 gxf6 28. Rad1 Bf8 29. Qd2 c5 30. Qf2 c4 31. Qf3 h4 32. gxh4 Bh6 33. Ne3 Bf4+ 34. Kh1 Qc6 35. Nd5 Rxd5 36. exd5 Qxa4 37. d6 Qa2 38. Qc6+ 1-0

[Event "CZE-chT2A 1718"]
[Site "Czech Republic"]
[Date "2018.04.08"]
[Round "11.5"]
[White "Seifarth, Robert"]
[Black "Srba, Stanislav"]
[Result "1-0"]
[WhiteElo "2170"]
[BlackElo "1964"]
[PlyCount "51"]
[EventDate "2017.10.15"]
[EventType "team-tourn"]
[EventRounds "11"]
[EventCountry "CZE"]
[SourceTitle "EXT 2022"]
[Source "ChessBase"]
[SourceDate "2021.10.06"]
[SourceVersion "1"]
[SourceVersionDate "2021.10.06"]
[SourceQuality "1"]
[WhiteTeam "Praha Vrsovice"]
[BlackTeam "Sokolov"]
[WhiteTeamCountry "CZE"]
[BlackTeamCountry "CZE"]

1. Nf3 f5 2. c4 Nf6 3. Nc3 e6 4. d3 Be7 5. e4 fxe4 6. dxe4 0-0 7. e5 Ne8 8. Bd3 d6 9. 0-0 Nc6 10. Qc2 g6 11. Be4 Bd7 12. Bh6 Ng7 13. Rad1 Rf7 14. exd6 cxd6 15. c5 Nb4 16. Qb3 a5 17. cxd6 Bf6 18. a3 Nc6 19. Be3 Nf5 20. Bb6 Qc8 21. Na4 Bd8 22. g4 Nh6 23. h3 Ra6 24. Be3 Kg7 25. Rc1 Bf6 26. g5 1-0

[Event "CZE-chT2A 1718"]
[Site "Czech Republic"]
[Date "2018.01.28"]
[Round "7.5"]
[White "Seifarth, Robert"]
[Black "Bicek, Richard"]
[Result "1-0"]
[WhiteElo "2170"]
[BlackElo "2104"]
[PlyCount "143"]
[EventDate "2017.10.15"]
[EventType "team-tourn"]
[EventRounds "11"]
[EventCountry "CZE"]
[SourceTitle "EXT 2022"]
[Source "ChessBase"]
[SourceDate "2021.10.06"]
[SourceVersion "1"]
[SourceVersionDate "2021.10.06"]
[SourceQuality "1"]
[WhiteTeam "Praha Vrsovice"]
[BlackTeam "Karlovy Vary Tietz"]
[WhiteTeamCountry "CZE"]
[BlackTeamCountry "CZE"]

1. Nf3 d5 2. g3 Nc6 3. d4 h5 4. Bg5 Bf5 5. c4 Nf6 6. Nc3 e6 7. cxd5 exd5 8. Ne5 Be7 9. Nxc6 bxc6 10. a3 Ne4 11. Bxe7 Qxe7 12. Qa4 Bd7 13. Bg2 Nxc3 14. bxc3 0-0 15. e3 h4 16. 0-0 hxg3 17. hxg3 Qd6 18. Rfb1 Bf5 19. Rb7 a6 20. c4 Rfb8 21. Qb3 Rd8 22. cxd5 cxd5 23. Rc1 Rac8 24. Qa4 c5 25. dxc5 Rxc5 26. Rxc5 Qxc5 27. Qf4 Bg6 28. Qg5 Qd6 29. Rb4 Rc8 30. Qxd5 Rc1+ 31. Kh2 Qxd5 32. Bxd5 Rc5 33. e4 a5 34. Rb8+ Kh7 35. g4 Rc3 36. f4 Rxa3 37. f5 Kh6 38. fxg6 Kxg6 39. Rb3 Ra1 40. Kg3 f6 41. Rb7 Kh6 42. Kf4 Rf1+ 43. Ke3 g6 44. Ra7 Ra1 45. Kd4 Kg5 46. Ra6 Rg1 47. Be6 Kf4 48. Bc4 Rd1+ 49. Bd3 Kg5 50. Ke3 Ra1 51. Kd2 Rg1 52. Be2 Ra1 53. Ke3 Ra3+ 54. Kf2 Ra2 55. Rb6 Ra3 56. Bf3 Ra1 57. Kg3 Rg1+ 58. Bg2 Ra1 59. Rb5+ Kh6 60. g5+ fxg5 61. e5 a4 62. Bd5 Re1 63. e6 Re5 64. Bc4 Re4 65. Rc5 g4 66. Kf2 Kg7 67. Rc7+ Kh6 68. Ba2 Kg5 69. Rc4 g3+ 70. Kxg3 Re1 71. Rxa4 Ra1 72. Ra7 1-0

[Event "CZE-chT2A 1617"]
[Site "Czech Republic"]
[Date "2017.04.02"]
[Round "11.6"]
[White "Cerny, Vaclav"]
[Black "Seifarth, Robert"]
[Result "0-1"]
[WhiteElo "2031"]
[BlackElo "2172"]
[PlyCount "56"]
[EventDate "2016.10.09"]
[EventType "team-tourn"]
[EventRounds "11"]
[EventCountry "CZE"]
[SourceTitle "EXT 2022"]
[Source "ChessBase"]
[SourceDate "2021.10.06"]
[SourceVersion "1"]
[SourceVersionDate "2021.10.06"]
[SourceQuality "1"]
[WhiteTeam "Domazlice"]
[BlackTeam "Praha Dopravni podnik"]
[WhiteTeamCountry "CZE"]
[BlackTeamCountry "CZE"]

1. e4 c5 2. c3 d6 3. d4 Nf6 4. dxc5 Nc6 5. Bc4 Nxe4 6. cxd6 Nxd6 7. Be2 e5 8. Nf3 Be7 9. 0-0 0-0 10. Re1 Qc7 11. Nbd2 Be6 12. Bd3 Ne8 13. Bc4 Bf5 14. Qe2 Bg6 15. Nf1 e4 16. N3d2 Nf6 17. Bb3 Bc5 18. Nc4 Bh5 19. Qc2 b5 20. Nce3 Ne5 21. Nd5 Nxd5 22. Bxd5 Nd3 23. Rxe4 Nxf2 24. Rh4 Bg6 25. Qb3 Qe7 26. Bxa8 Qxh4 27. Bf3 Nh3+ 28. Kh1 Qf2 0-1

[Event "CZE-chT2A 1617"]
[Site "Czech Republic"]
[Date "2017.02.26"]
[Round "9.6"]
[White "Sedlacek, Tomas"]
[Black "Seifarth, Robert"]
[Result "1-0"]
[WhiteElo "2090"]
[BlackElo "2172"]
[PlyCount "73"]
[EventDate "2016.10.09"]
[EventType "team-tourn"]
[EventRounds "11"]
[EventCountry "CZE"]
[SourceTitle "EXT 2022"]
[Source "ChessBase"]
[SourceDate "2021.10.06"]
[SourceVersion "1"]
[SourceVersionDate "2021.10.06"]
[SourceQuality "1"]
[WhiteTeam "Praha Dukla"]
[BlackTeam "Praha Dopravni podnik"]
[WhiteTeamCountry "CZE"]
[BlackTeamCountry "CZE"]

1. d4 Nf6 2. Nf3 g6 3. Bg5 Ne4 4. Bh4 Bg7 5. e3 c5 6. Nbd2 d5 7. c3 Nc6 8. Nxe4 dxe4 9. Nd2 cxd4 10. exd4 f5 11. g4 0-0 12. gxf5 gxf5 13. Bc4+ Kh8 14. Qh5 Qd6 15. Rg1 Bd7 16. 0-0-0 Be8 17. Qe2 Rc8 18. Rxg7 Kxg7 19. Kb1 Qh6 20. Rg1+ Bg6 21. Bg5 Qxh2 22. Qe1 Qd6 23. Rh1 Kh8 24. Bh6 Rfe8 25. f4 a6 26. Qg3 e6 27. Bg5 Rf8 28. Qh4 Rf7 29. Bf6+ Kg8 30. Rg1 Ne7 31. Be2 Rcf8 32. Be5 Qd8 33. Nc4 Rg7 34. Qh6 Rff7 35. Nd6 Nc6 36. Nxf7 Rxf7 37. Rxg6+ 1-0

[Event "CZE-chT2C 1516"]
[Site "Czech Republic"]
[Date "2016.02.21"]
[Round "8.5"]
[White "Neckar, Lubomir"]
[Black "Seifarth, Robert"]
[Result "1/2-1/2"]
[WhiteElo "2324"]
[BlackElo "2155"]
[PlyCount "83"]
[EventDate "2015.10.18"]
[EventType "team-tourn"]
[EventRounds "11"]
[EventCountry "CZE"]
[SourceTitle "EXT 2022"]
[Source "ChessBase"]
[SourceDate "2021.10.06"]
[SourceVersion "1"]
[SourceVersionDate "2021.10.06"]
[SourceQuality "1"]
[WhiteTeam "Lysa nad Labem III"]
[BlackTeam "Praha Dopravni podnik II"]
[WhiteTeamCountry "CZE"]
[BlackTeamCountry "CZE"]

1. Nf3 c5 2. g3 Nc6 3. Bg2 e5 4. c4 g6 5. Nc3 Bg7 6. 0-0 Nge7 7. a3 0-0 8. Rb1 f5 9. Ne1 f4 10. b4 cxb4 11. axb4 d6 12. e3 a6 13. d3 fxg3 14. hxg3 Be6 15. b5 axb5 16. Rxb5 Na5 17. Nc2 Rc8 18. Re1 Bd7 19. Rb1 Be6 20. Nb4 g5 21. Nbd5 Nxd5 22. Nxd5 Rf7 23. Qh5 g4 24. Be4 Bh8 25. Ba3 Nxc4 26. dxc4 Rxc4 27. Bg2 Qa5 28. Bb4 Qa2 29. Qg5+ Bg7 30. Rf1 Rc2 31. Ne7+ Kh8 32. Ra1 Rfxf2 33. Ng6+ hxg6 34. Qh4+ Kg8 35. Rxa2 Rxg2+ 36. Kh1 Rxa2 37. Qd8+ Kh7 38. Qh4+ Kg8 39. Qd8+ Kh7 40. Qh4+ Bh6 41. Qe7+ Bg7 42. Qh4+ 1/2-1/2

[Event "CZE-chT2C 1415"]
[Site "Czech Republic"]
[Date "2015.03.15"]
[Round "9.6"]
[White "Zemlicka, Vit"]
[Black "Seifarth, Robert"]
[Result "0-1"]
[WhiteElo "1899"]
[BlackElo "2160"]
[PlyCount "98"]
[EventDate "2014.11.02"]
[EventType "team-tourn"]
[EventRounds "11"]
[EventCountry "CZE"]
[SourceTitle "EXT 2022"]
[Source "ChessBase"]
[SourceDate "2021.10.06"]
[SourceVersion "1"]
[SourceVersionDate "2021.10.06"]
[SourceQuality "1"]
[WhiteTeam "Praha Kobylisy II"]
[BlackTeam "Praha Grop"]
[WhiteTeamCountry "CZE"]
[BlackTeamCountry "CZE"]

1. e4 c5 2. Nf3 e6 3. d4 cxd4 4. Nxd4 Nc6 5. Nc3 Qc7 6. Be3 a6 7. Qd2 Nf6 8. 0-0-0 Ng4 9. Bf4 Qb6 10. Nxc6 bxc6 11. f3 Nf6 12. Bd6 Bxd6 13. Qxd6 Rb8 14. Na4 Qb4 15. b3 Qxd6 16. Rxd6 Ke7 17. e5 Nd5 18. Nc5 f6 19. Ne4 fxe5 20. c4 Nf6 21. Rd2 Nxe4 22. fxe4 c5 23. Be2 Bb7 24. Rhd1 Bc6 25. Bf3 Rhf8 26. Rd3 Rf4 27. g3 Rf6 28. Kd2 Rbf8 29. Ke2 g5 30. h3 h5 31. Bxh5 Rf2+ 32. Ke1 Rf1+ 33. Kd2 Bxe4 34. Re3 R1f2+ 35. Be2 d5 36. Ke1 Rh2 37. cxd5 exd5 38. Bxa6 Rxh3 39. Bc4 Rh1+ 40. Ke2 Rxd1 41. Kxd1 Kd6 42. Bb5 Bg6 43. a4 d4 44. Re1 e4 45. a5 e3 46. a6 Be4 47. a7 Ra8 48. Rf1 Rxa7 49. Rf6+ Ke5 0-1

[Event "CZE-chT2C 1415"]
[Site "Czech Republic"]
[Date "2015.02.22"]
[Round "8.7"]
[White "Jelinek, Vaclav"]
[Black "Seifarth, Robert"]
[Result "1-0"]
[WhiteElo "1945"]
[BlackElo "2160"]
[PlyCount "51"]
[EventDate "2014.11.02"]
[EventType "team-tourn"]
[EventRounds "11"]
[EventCountry "CZE"]
[SourceTitle "EXT 2022"]
[Source "ChessBase"]
[SourceDate "2021.10.06"]
[SourceVersion "1"]
[SourceVersionDate "2021.10.06"]
[SourceQuality "1"]
[WhiteTeam "Kolin"]
[BlackTeam "Praha Grop"]
[WhiteTeamCountry "CZE"]
[BlackTeamCountry "CZE"]

1. g3 c5 2. Bg2 Nc6 3. Nf3 g6 4. 0-0 d5 5. d3 Bg7 6. Nc3 Nf6 7. Bf4 d4 8. Nb5 Nd5 9. Bd2 a6 10. Na3 0-0 11. Qc1 Re8 12. Bh6 Bh8 13. Nc4 b5 14. Ncd2 f5 15. e4 dxe3 16. fxe3 e5 17. Ng5 Bb7 18. Nb3 Qd6 19. c4 Ndb4 20. cxb5 axb5 21. Nxc5 Bc8 22. a4 Bf6 23. axb5 Bxg5 24. Qc4+ Kh8 25. Bxg5 Rxa1 26. Rxa1 1-0

[Event "Prague Summer op 1st"]
[Site "Prague"]
[Date "2014.08.13"]
[Round "6"]
[White "Seifarth, Robert"]
[Black "Reinhardt, Michael"]
[Result "1-0"]
[WhiteElo "2187"]
[BlackElo "1847"]
[PlyCount "67"]
[EventDate "2014.08.09"]
[EventType "swiss"]
[EventRounds "9"]
[EventCountry "CZE"]
[SourceTitle "CBM 162 Extra"]
[Source "ChessBase"]
[SourceDate "2014.10.17"]
[SourceVersion "1"]
[SourceVersionDate "2014.10.17"]
[SourceQuality "1"]

1. Nf3 f5 2. g3 Nf6 3. Bg2 d6 4. d4 e6 5. 0-0 Be7 6. c4 0-0 7. Nc3 Qe8 8. Qd3 Nc6 9. e4 e5 10. dxe5 fxe4 11. Nxe4 Nxe5 12. Nxe5 dxe5 13. Bd2 Qh5 14. Nxf6+ Bxf6 15. Bc3 Rd8 16. Qe3 c6 17. Rfe1 Be6 18. b3 Bf7 19. Bf3 Qf5 20. Rad1 Re8 21. Be4 Qh5 22. Rd7 Re7 23. Red1 Be6 24. Bf3 Qg6 25. Rxe7 Bxe7 26. Qxe5 Rf8 27. Bh5 Qf6 28. Qe3 Qf5 29. g4 Qf3 30. Qxe6+ Kh8 31. Bxg7+ Kxg7 32. Qxe7+ Kh8 33. Qe5+ Kg8 34. Qd4 1-0

[Event "CZE-chT2B 1213"]
[Site "Czech Republic"]
[Date "2013.01.20"]
[Round "7.1"]
[White "Balin, Jan"]
[Black "Seifarth, Robert"]
[Result "1/2-1/2"]
[WhiteElo "2316"]
[BlackElo "2175"]
[PlyCount "136"]
[EventDate "2012.10.14"]
[EventType "team-tourn"]
[EventRounds "11"]
[EventCountry "CZE"]
[SourceTitle "EXT 2015"]
[Source "ChessBase"]
[SourceDate "2014.11.20"]
[SourceVersion "1"]
[SourceVersionDate "2014.11.20"]
[SourceQuality "1"]
[WhiteTeam "Usti nad Labem"]
[BlackTeam "Kralupy nad Vltavou"]
[WhiteTeamCountry "CZE"]
[BlackTeamCountry "CZE"]

1. d4 Nf6 2. c4 g6 3. Nc3 d5 4. cxd5 Nxd5 5. Bd2 Bg7 6. e4 Nb6 7. Be3 0-0 8. Qd2 Nc6 9. Nf3 Bg4 10. e5 f6 11. exf6 exf6 12. Be2 f5 13. 0-0 Bxf3 14. Bxf3 Qf6 15. Ne2 Rad8 16. Rac1 Qf7 17. Bxc6 bxc6 18. Rxc6 Qxa2 19. Rxc7 Be5 20. Rc2 Qf7 21. Qc1 Bf6 22. Bf4 Rfe8 23. Rd1 Rd7 24. Be5 Bxe5 25. dxe5 Rxe5 26. Rcd2 Rc7 27. Rd8+ Kg7 28. Qd2 Qe7 29. Ng3 Qf6 30. Rd6 Qh4 31. f4 Re8 32. Qd4+ Kg8 33. b3 Qe7 34. Rd8 Rxd8 35. Qxd8+ Qxd8 36. Rxd8+ Kf7 37. Ne2 Ke7 38. Rd4 Rd7 39. Kf2 Nd5 40. h3 Rd6 41. Kf3 Ke6 42. Ra4 a6 43. g4 fxg4+ 44. hxg4 h5 45. Nd4+ Kf6 46. g5+ Kf7 47. Rc4 Ne7 48. Ke4 Ke8 49. Rb4 Kd7 50. Rb7+ Kd8 51. Rb8+ Kd7 52. Rh8 Rb6 53. Rh7 Ke8 54. Ke5 Nc6+ 55. Nxc6 Rxc6 56. f5 gxf5 57. Kxf5 Rb6 58. g6 Kf8 59. Kg5 Rxb3 60. Kh6 Kg8 61. Rg7+ Kh8 62. Ra7 Rb8 63. Rxa6 Kg8 64. Re6 h4 65. Re3 h3 66. Rxh3 Rb1 67. Rf3 Rh1+ 68. Kg5 Ra1 1/2-1/2

[Event "CZE-chT2B 1213"]
[Site "Czech Republic"]
[Date "2012.11.18"]
[Round "3.1"]
[White "Seifarth, Robert"]
[Black "Kraus, Tomas"]
[Result "0-1"]
[WhiteElo "2175"]
[BlackElo "2290"]
[PlyCount "56"]
[EventDate "2012.10.14"]
[EventType "team-tourn"]
[EventRounds "11"]
[EventCountry "CZE"]
[SourceTitle "EXT 2015"]
[Source "ChessBase"]
[SourceDate "2014.11.20"]
[SourceVersion "1"]
[SourceVersionDate "2014.11.20"]
[SourceQuality "1"]
[WhiteTeam "Kralupy nad Vltavou"]
[BlackTeam "Horice"]
[WhiteTeamCountry "CZE"]
[BlackTeamCountry "CZE"]

1. Nf3 Nf6 2. c4 d6 3. d4 Nbd7 4. g3 e5 5. Bg2 Be7 6. 0-0 0-0 7. b3 Re8 8. Bb2 e4 9. Ng5 e3 10. fxe3 h6 11. Nh3 Ng4 12. Qd3 Bf6 13. Bc1 Nc5 14. Qc3 Ne6 15. Nf4 Nxf4 16. gxf4 c5 17. Rd1 cxd4 18. exd4 Rxe2 19. Bf3 Rxh2 20. Re1 Rh3 21. Kg2 Nh2 22. Nd2 Nxf3 23. Nxf3 Qd7 24. f5 Qxf5 25. Re8+ Kh7 26. Qe3 Qg4+ 27. Kf2 Bh4+ 28. Ke2 Qg2+ 0-1

[Event "CZE-chT2B 1112"]
[Site "Czech Republic"]
[Date "2012.04.22"]
[Round "11.1"]
[White "Seifarth, Robert"]
[Black "Soukup, Jiri"]
[Result "0-1"]
[WhiteElo "2221"]
[BlackElo "2304"]
[PlyCount "122"]
[EventDate "2011.10.09"]
[EventType "team-tourn"]
[EventRounds "11"]
[EventCountry "CZE"]
[SourceTitle "EXT 2013"]
[Source "ChessBase"]
[SourceDate "2012.11.22"]
[SourceVersion "1"]
[SourceVersionDate "2012.11.22"]
[SourceQuality "1"]
[WhiteTeam "Kralupy nad Vltavou"]
[BlackTeam "Karlovy Vary"]
[WhiteTeamCountry "CZE"]
[BlackTeamCountry "CZE"]

1. Nf3 d5 2. g3 g6 3. Bg2 Bg7 4. d4 Nf6 5. 0-0 0-0 6. b3 c5 7. e3 Nc6 8. Bb2 cxd4 9. exd4 Bf5 10. a3 Rc8 11. Nbd2 Qd7 12. Re1 Ne4 13. c4 Nxd2 14. Qxd2 Be4 15. Ne5 Nxe5 16. dxe5 Bxg2 17. Kxg2 Rfd8 18. Rad1 Qf5 19. Qd4 e6 20. Qxa7 Qc2 21. Ba1 dxc4 22. Rxd8+ Rxd8 23. bxc4 Rd2 24. Qe3 Bf8 25. Bc3 Rd3 26. Rc1 Rxe3 27. Rxc2 Re4 28. Bb2 Bc5 29. f4 Re3 30. a4 Rb3 31. Bc1 b6 32. Kf1 h5 33. Ke2 Kg7 34. Kf1 g5 35. fxg5 Kg6 36. Kg2 Kf5 37. Bf4 Ra3 38. Kh3 Rxa4 39. Kh4 Ra8 40. Rd2 Rc8 41. Rd7 Kg6 42. g4 Bf2+ 43. Kh3 hxg4+ 44. Kxg4 Rxc4 45. Rd3 Bd4 46. Kf3 Kf5 47. h4 Bb2 48. Be3 Rxh4 49. Rb3 Bxe5 50. Rxb6 Rh3+ 51. Ke2 Bg3 52. Rb7 Kg6 53. Ra7 Rh8 54. Kf3 Bd6 55. Kg4 Rb8 56. Rd7 Be5 57. Ra7 Rb3 58. Bd2 Rg3+ 59. Kh4 Rd3 60. Bc1 Rd1 61. Ra5 Bc3 0-1

[Event "CZE-chT2B 1112"]
[Site "Czech Republic"]
[Date "2012.02.05"]
[Round "7.1"]
[White "Seifarth, Robert"]
[Black "Sochor, Jiri"]
[Result "1-0"]
[WhiteElo "2221"]
[BlackElo "2249"]
[PlyCount "65"]
[EventDate "2011.10.09"]
[EventType "team-tourn"]
[EventRounds "11"]
[EventCountry "CZE"]
[SourceTitle "EXT 2013"]
[Source "ChessBase"]
[SourceDate "2012.11.22"]
[SourceVersion "1"]
[SourceVersionDate "2012.11.22"]
[SourceQuality "1"]
[WhiteTeam "Kralupy nad Vltavou"]
[BlackTeam "Usti nad Labem"]
[WhiteTeamCountry "CZE"]
[BlackTeamCountry "CZE"]

1. Nf3 Nf6 2. g3 g6 3. b3 Bg7 4. Bb2 c5 5. c4 Nc6 6. Bg2 0-0 7. 0-0 d5 8. cxd5 Qxd5 9. Ne5 Qd6 10. Nxc6 bxc6 11. Nc3 Ba6 12. d3 Rab8 13. Qc2 h5 14. Na4 c4 15. dxc4 h4 16. Rad1 Qc7 17. Nc5 Bc8 18. Ne4 hxg3 19. hxg3 Bf5 20. Nxf6+ Bxf6 21. Qc1 Bxb2 22. Qxb2 f6 23. Qa3 c5 24. Rd5 Rfc8 25. Rfd1 Kg7 26. e4 Be6 27. R5d3 Rd8 28. Rxd8 Rxd8 29. Rxd8 Qxd8 30. Qxc5 g5 31. Bf3 a5 32. Qe3 Qd6 33. e5 1-0

[Event "CZE-chT2B 1112"]
[Site "Czech Republic"]
[Date "2012.01.22"]
[Round "6.1"]
[White "Havranek, Miroslav"]
[Black "Seifarth, Robert"]
[Result "1-0"]
[WhiteElo "2168"]
[BlackElo "2221"]
[PlyCount "63"]
[EventDate "2011.10.09"]
[EventType "team-tourn"]
[EventRounds "11"]
[EventCountry "CZE"]
[SourceTitle "EXT 2013"]
[Source "ChessBase"]
[SourceDate "2012.11.22"]
[SourceVersion "1"]
[SourceVersionDate "2012.11.22"]
[SourceQuality "1"]
[WhiteTeam "Decin"]
[BlackTeam "Kralupy nad Vltavou"]
[WhiteTeamCountry "CZE"]
[BlackTeamCountry "CZE"]

1. e4 c5 2. Nf3 e6 3. g3 Nc6 4. Bg2 g6 5. 0-0 Bg7 6. c3 Nge7 7. d3 d5 8. Ng5 h6 9. Nh3 0-0 10. f4 b5 11. Nf2 b4 12. a3 bxc3 13. bxc3 Rb8 14. Qc2 Na5 15. Nd2 Ba6 16. Re1 dxe4 17. dxe4 e5 18. Rb1 exf4 19. gxf4 Rxb1 20. Nxb1 Qc7 21. e5 Nf5 22. Nd2 Rd8 23. Be4 Nh4 24. Nf3 Nxf3+ 25. Bxf3 Bc4 26. Ne4 Be6 27. Qf2 c4 28. Be3 Nc6 29. Nd6 Rb8 30. Rd1 Rb3 31. a4 Rxc3 32. Nb5 1-0

[Event "Rumburk op"]
[Site "Rumburk"]
[Date "2005.07.09"]
[Round "8"]
[White "Volf, Vladislav"]
[Black "Seifarth, Robert"]
[Result "0-1"]
[WhiteElo "1886"]
[BlackElo "2230"]
[PlyCount "86"]
[EventDate "2005.07.04"]
[EventType "swiss"]
[EventRounds "9"]
[EventCountry "CZE"]
[SourceTitle "EXT 2007"]
[Source "ChessBase"]
[SourceDate "2006.11.23"]
[SourceVersion "1"]
[SourceVersionDate "2006.11.23"]
[SourceQuality "1"]

1. e4 c5 2. Nf3 e6 3. d4 cxd4 4. Nxd4 Nc6 5. Be2 Nf6 6. Nxc6 bxc6 7. e5 Qa5+ 8. Bd2 Qxe5 9. Bc3 Qc7 10. Qd2 Ne4 11. Ba5 Qe5 12. Bc3 Nxc3 13. Qxc3 Bd6 14. Qxe5 Bxe5 15. c3 Rb8 16. b3 d5 17. Kd2 0-0 18. Na3 Bf4+ 19. Kc2 Bd6 20. Kb2 e5 21. Rad1 Bc5 22. Rhf1 f5 23. Rd2 f4 24. Nc2 Be6 25. Bd1 Rf6 26. Re1 Bd6 27. f3 Bf7 28. Nb4 Rxb4 29. cxb4 Bxb4 30. Rde2 Bxe1 31. Rxe1 Re6 32. Kc3 e4 33. Kd4 exf3 34. Rxe6 Bxe6 35. gxf3 g5 36. Ke5 Bh3 37. Be2 Kf7 38. Kd6 Kf6 39. Kxc6 Ke5 40. Kc5 h5 41. b4 g4 42. fxg4 hxg4 43. b5 f3 0-1